| 000 | 01005nam a2200289 4500 | ||
|---|---|---|---|
| 003 | OSt | ||
| 005 | 20260530113848.0 | ||
| 008 | 260417b |||||||| |||| 00| 0 eng d | ||
| 020 | _aMX001000253501 | ||
| 040 |
_aICI _bspa _cICI |
||
| 050 |
_aN70 _bA6618 1976 |
||
| 100 | 1 |
_aArnheim, Rudolf _911703 |
|
| 240 | 1 | 0 | _aArt and visual perception : a psychology of the creative eye. |l Español |
| 245 | 1 | 0 |
_aArte y percepción visual : _bpsicología de la visión creadora / _cRudolf Arnheim ; traducido por R. Masera |
| 250 | _a7a edición | ||
| 264 | 1 |
_bEUDEBA, _c1969 _aBuenos Aires : |
|
| 300 |
_a410 páginas _bilustraciones, láminas, fotografías |
||
| 336 |
_atexto _2rdacontent |
||
| 337 |
_asin medio _2rdamedia |
||
| 338 |
_avolumen _2rdacarrier |
||
| 490 | _aTemas de Eudeba. Artes visuales | ||
| 500 | _aReimpresiones: (8a, 1977) -- (10a, 1987) | ||
| 650 | 0 |
_aArte |x Psicología _930932 |
|
| 650 | 0 |
_aPercepción _930933 |
|
| 700 | 1 |
_aMasera, Rubén _e traductor _930934 |
|
| 942 |
_2ddc _cBK |
||
| 999 |
_c11360 _d11360 |
||